[Event "EU-ch Seniors 11th"]
[Site "Courmayeur"]
[Date "2011.04.09"]
[Round "4"]
[White "Castiglioni, Nando"]
[Black "Cesati Cassin, Giorgio"]
[Result "1/2-1/2"]
[WhiteElo "1651"]
[BlackElo "1595"]
[PlyCount "93"]
[EventDate "2011.04.06"]
[EventType "swiss"]
[EventRounds "9"]
[EventCountry "ITA"]
[SourceTitle "CBM 141 Extra"]
[Source "ChessBase"]
[SourceDate "2011.05.03"]
[SourceVersion "1"]
[SourceVersionDate "2011.05.03"]
[SourceQuality "1"]

1. d4 Nf6 2. c4 g6 3. Nf3 Bg7 4. Nc3 d6 5. e4 0-0 6. Be2 Nbd7 7. 0-0 e5 8. h3 exd4 9. Nxd4 a5 10. Re1 Nc5 11. Bf3 Re8 12. Qc2 Bd7 13. Nb3 Na4 14. Nxa4 Bxa4 15. Qd3 Bd7 16. Bd2 a4 17. Nd4 c6 18. Rab1 Rb8 19. Bf4 Bf8 20. c5 Bc8 21. Qc2 Ra8 22. cxd6 Bg7 23. e5 Nd7 24. Qd2 Nc5 25. Rbc1 Ne6 26. Nxe6 fxe6 27. Rcd1 Bd7 28. Bg5 Qa5 29. Qe3 b5 30. Bf6 Bxf6 31. exf6 Rf8 32. Qd4 Qd8 33. Rc1 Qxf6 34. Qxf6 Rxf6 35. Bxc6 Rd8 36. Bxd7 Rxd7 37. Rc8+ Rf8 38. Rxf8+ Kxf8 39. Rd1 Kf7 40. f4 Kf6 41. g4 h6 42. Kf2 e5 43. Ke3 exf4+ 44. Kxf4 Ke6 45. h4 Rxd6 46. Rxd6+ Kxd6 47. h5 1/2-1/2

[Event "EU-ch Seniors 11th"]
[Site "Courmayeur"]
[Date "2011.04.06"]
[Round "1"]
[White "Cesati Cassin, Giorgio"]
[Black "Muratoglu, Salih"]
[Result "0-1"]
[WhiteElo "1595"]
[BlackElo "2076"]
[PlyCount "70"]
[EventDate "2011.04.06"]
[EventType "swiss"]
[EventRounds "9"]
[EventCountry "ITA"]
[SourceTitle "CBM 141 Extra"]
[Source "ChessBase"]
[SourceDate "2011.05.03"]
[SourceVersion "1"]
[SourceVersionDate "2011.05.03"]
[SourceQuality "1"]

1. e4 d6 2. d4 g6 3. Nc3 Bg7 4. f4 Nc6 5. Nf3 Bg4 6. Be3 Nf6 7. e5 dxe5 8. fxe5 Nd5 9. Nxd5 Qxd5 10. Be2 Rd8 11. c3 Qb5 12. 0-0 0-0 13. Qd2 Bxf3 14. Bxf3 Nxe5 15. b4 Nxf3+ 16. Rxf3 Qb6 17. Qf2 Qc6 18. Qe1 Qc4 19. a4 Rd6 20. Rc1 a5 21. Qf1 Rc6 22. b5 Qxf1+ 23. Rfxf1 Rc4 24. Bf4 Rc8 25. Rfd1 e6 26. Kf2 b6 27. Bd2 Rxa4 28. Ra1 Rc4 29. Ke3 c5 30. bxc6 R8xc6 31. Rab1 Bh6+ 32. Ke2 Bxd2 33. Kxd2 Rxc3 34. Rg1 Rc2+ 35. Ke3 a4 0-1

[Event "Wch Seniors 20th"]
[Site "Arco"]
[Date "2010.11.01"]
[Round "6"]
[White "Cesati Cassin, Giorgio"]
[Black "Frugoni, Giulio"]
[Result "1/2-1/2"]
[WhiteElo "1598"]
[BlackElo "1723"]
[PlyCount "39"]
[EventDate "2010.10.26"]
[EventType "swiss"]
[EventRounds "11"]
[EventCountry "ITA"]
[SourceTitle "EXT 2011"]
[Source "ChessBase"]
[SourceDate "2010.11.26"]
[SourceVersion "1"]
[SourceVersionDate "2010.11.26"]
[SourceQuality "1"]

1. e4 c5 2. Nc3 d6 3. g3 Nf6 4. Bg2 Nc6 5. Nge2 Bg4 6. h3 Bd7 7. d4 cxd4 8. Nxd4 a6 9. 0-0 e6 10. Bg5 Be7 11. Qd2 Qc8 12. Kh2 0-0 13. Rae1 Rb8 14. f4 b5 15. e5 dxe5 16. fxe5 Nd5 17. Nxd5 exd5 18. Nxc6 Bxg5 19. Qxg5 Bxc6 20. Qd2 1/2-1/2

[Event "ITA-ch Seniors 32nd"]
[Site "Arvier"]
[Date "2010.04.27"]
[Round "9"]
[White "Pettarini, Renato"]
[Black "Cesati Cassin, Giorgio"]
[Result "1/2-1/2"]
[WhiteElo "1775"]
[BlackElo "1567"]
[PlyCount "28"]
[EventDate "2010.04.18"]
[EventType "swiss"]
[EventRounds "9"]
[EventCountry "ITA"]
[SourceTitle "EXT 2024"]
[Source "ChessBase"]
[SourceDate "2023.10.10"]
[SourceVersion "1"]
[SourceVersionDate "2023.10.10"]
[SourceQuality "1"]

1. c4 g6 2. Nc3 Bg7 3. e4 d6 4. g3 e5 5. Bg2 Ne7 6. Nge2 0-0 7. 0-0 Be6 8. d3 Nbc6 9. Nd5 Qd7 10. Bh6 Bh3 11. Qd2 Bxg2 12. Kxg2 Nxd5 13. cxd5 Ne7 14. Bxg7 Kxg7 1/2-1/2